Music Quiz

Random Music or Billboard Quiz

Four Word #1s of the 2010s Quiz Stats

 Plays Quiz Updated May 7, 2019

Score 0/10 Timer 01:30
0 Plays Today
% Correct
Rolling
94.9%
Can't
88.2%
Locked
87.7%
All
87.7%
Last
86.8%
What
82%
Can't
81.1%
That's
77%
Hold
74.8%
Highest
62.7%

You're not logged in!

Compare scores with friends on all Sporcle quizzes.
OR
Log In

Sporcle TV

Today on Sporcle TV


Watch our educational content, quiz creation guides, and fun videos on Sporcle TV.

Show Comments

Extras

Top Quizzes Today


Score Distribution

Your Account Isn't Verified!

In order to create a playlist on Sporcle, you need to verify the email address you used during registration. Go to your Sporcle Settings to finish the process.

Report this User

Report this user for behavior that violates our Community Guidelines.

Details: